000 00260nam a22001217a 4500
008 180104b xxu||||| |||| 00| 0 eng d
041 _aeng
080 _a33
100 _a60
101 _aECO
245 _aRATIONAL IN ECONOMICS
_cBASIL.B
942 _2udc
_cBK
999 _c39699
_d39699